[Event "vl_2526 MVP"]
[Site "MVP"]
[Date "2025.11.23"]
[Round "2.4"]
[White "Lange, Jannis"]
[Black "Schulz, Daniel"]
[Result "1-0"]
[WhiteElo "2076"]
[BlackElo "1922"]
[WhiteFideId "-1"]
[WhiteFideId "-1"]
[PlyCount "53"]
[GameId "2247401724820647"]
[EventDate "2025.??.??"]
[EventType "team-tourn"]
[EventRounds "9"]
[EventCountry "GER"]
[WhiteTeam "Greifswalder SV"]
[BlackTeam "SG Eintracht Neubrandenburg"]
[WhiteTeamCountry "GER"]
[BlackTeamCountry "GER"]

1. e4 c5 2. Nf3 e6 3. d4 cxd4 4. Nxd4 Nc6 5. Be3 Qc7 6. c4 Nf6 7. Nc3 Bb4 8. Ndb5 Qb8 9. a3 Be7 10. c5 O-O 11. Be2 Ne8 12. O-O d6 13. cxd6 Nxd6 14. Qc2 a6 15. Nxd6 Bxd6 16. f4 e5 17. f5 Nd4 18. Qd3 Nxe2+ 19. Qxe2 f6 20. Rad1 b5 21. Qd3 Bc7 22. Qd5+ Kh8 23. Qc5 Rg8 24. Kh1 Bb7 25. Rd7 Bd8 26. Rfd1 Qc8 27. Qxc8 1-0

[Event "vl_2526 MVP"]
[Site "MVP"]
[Date "2025.11.23"]
[Round "2.5"]
[White "Schroeder, Hannes Artur"]
[Black "Patzenhauer, Max"]
[Result "1/2-1/2"]
[WhiteElo "1826"]
[BlackElo "1979"]
[WhiteFideId "-1"]
[WhiteFideId "-1"]
[PlyCount "83"]
[GameId "2247401724820648"]
[EventDate "2025.??.??"]
[EventType "team-tourn"]
[EventRounds "9"]
[EventCountry "GER"]
[WhiteTeam "SG Eintracht Neubrandenburg"]
[BlackTeam "Greifswalder SV"]
[WhiteTeamCountry "GER"]
[BlackTeamCountry "GER"]

1. c4 e5 2. Nc3 Nc6 3. g3 Bc5 4. Bg2 a6 5. e3 d6 6. Nge2 f5 7. d4 Ba7 8. dxe5 Nxe5 9. b3 Nf6 10. Bb2 h5 11. Nd5 h4 12. Nxf6+ Qxf6 13. Nc3 h3 14. Bf3 c6 15. Qe2 Be6 16. O-O-O O-O-O 17. Kb1 g5 18. Rhf1 Qe7 19. Ka1 Rhf8 20. Na4 Bf7 21. Bd4 c5 22. Bb2 Qe8 23. Nc3 Nxf3 24. Qxf3 Bh5 25. Qd5 Bxd1 26. Qxd1 Bb6 27. Nd5 Ba5 28. Qc1 Qe4 29. f3 Qd3 30. Qd1 Qxd1+ 31. Rxd1 Rde8 32. Kb1 Bd8 33. Rg1 Re6 34. Kc2 Rfe8 35. Kd3 Kd7 36. Bc3 Kc6 37. Ba1 b5 38. Bc3 Rg8 39. Ba1 Be7 40. Bc3 Rb8 41. g4 fxg4 42. Rxg4 1/2-1/2

[Event "vl_2526 MVP"]
[Site "MVP"]
[Date "2025.11.23"]
[Round "2.6"]
[White "Mildner, Jens"]
[Black "Rossmann, Andreas"]
[Result "1-0"]
[WhiteElo "2088"]
[BlackElo "2073"]
[WhiteFideId "-1"]
[WhiteFideId "-1"]
[PlyCount "99"]
[GameId "2247401724824745"]
[EventDate "2025.??.??"]
[EventType "team-tourn"]
[EventRounds "9"]
[EventCountry "GER"]
[WhiteTeam "Greifswalder SV"]
[BlackTeam "SG Eintracht Neubrandenburg"]
[WhiteTeamCountry "GER"]
[BlackTeamCountry "GER"]

1. d4 Nf6 2. c4 e6 3. Nc3 Bb4 4. Qc2 c5 5. dxc5 Na6 6. Bd2 Bxc5 7. e3 O-O 8. Nf3 Nb4 9. Qb1 Be7 10. a3 Nc6 11. Be2 d5 12. O-O dxc4 13. Bxc4 Qc7 14. Nb5 Qb8 15. Rd1 a6 16. Nbd4 Nxd4 17. Nxd4 Bd7 18. Be2 Bc5 19. Nb3 Bd6 20. h3 Ba4 21. Qa2 Ne4 22. Bb4 Bxb4 23. axb4 Bxb3 24. Qxb3 Rd8 25. Qc2 Nf6 26. Bf3 Nd5 27. Rd4 Qe5 28. Rad1 Rdc8 29. Qd2 h6 30. Bxd5 exd5 31. Rxd5 Qe6 32. Rd6 Qe4 33. Rd4 Qc6 34. Qd3 Qa4 35. Rd7 Qxb4 36. Qd5 Rf8 37. Rxb7 Qa4 38. b3 Qe8 39. Qc4 Rd8 40. Rxd8 Qxd8 41. Qxa6 Qd1+ 42. Qf1 Qc2 43. Qc4 Qd1+ 44. Kh2 Qd6+ 45. g3 Qf6 46. Qf4 Qc6 47. Rc7 Qb5 48. b4 g5 49. Qe4 Qf1 50. Qf5 1-0

[Event "vl_2526 MVP"]
[Site "MVP"]
[Date "2025.11.23"]
[Round "2.8"]
[White "Schwahn, Christian"]
[Black "Baier, Karsten"]
[Result "1-0"]
[WhiteElo "1963"]
[BlackElo "1990"]
[WhiteFideId "-1"]
[WhiteFideId "-1"]
[PlyCount "61"]
[GameId "2247401724837035"]
[EventDate "2025.??.??"]
[EventType "team-tourn"]
[EventRounds "9"]
[EventCountry "GER"]
[WhiteTeam "Greifswalder SV"]
[BlackTeam "SG Eintracht Neubrandenburg"]
[WhiteTeamCountry "GER"]
[BlackTeamCountry "GER"]

1. d4 Nf6 2. c4 g6 3. Nf3 Bg7 4. Nc3 d5 5. e3 c6 6. Be2 O-O 7. O-O Re8 8. a4 a5 9. Ne5 Nbd7 10. f4 e6 11. Bd2 dxc4 12. Bxc4 Nb6 13. Be2 Nbd5 14. Bf3 Nd7 15. Ne4 Nxe5 16. fxe5 f6 17. exf6 Nxf6 18. Ng5 h6 19. Nh3 e5 20. dxe5 Rxe5 21. Nf4 Kh7 22. Bc3 Qxd1 23. Raxd1 Re8 24. Rd6 Ne4 25. Bxe4 Rxe4 26. Bxg7 Kxg7 27. Rxg6+ Kh7 28. Rg3 Bf5 29. Nh5 Rf8 30. Ng7 Re5 31. e4 1-0

[Event "vl_2526 MVP"]
[Site "MVP"]
[Date "2025.11.23"]
[Round "2.3"]
[White "Dettmann, Gerd"]
[Black "Pawlicz, Filip"]
[Result "1-0"]
[WhiteElo "2133"]
[BlackElo "1915"]
[WhiteFideId "-1"]
[WhiteFideId "-1"]
[PlyCount "49"]
[GameId "2247401724845230"]
[EventDate "2025.??.??"]
[EventType "team-tourn"]
[EventRounds "9"]
[EventCountry "GER"]
[WhiteTeam "SG Guestrow/Teterow"]
[BlackTeam "SAV Torgelow-Droegeheide 90 II"]
[WhiteTeamCountry "GER"]
[BlackTeamCountry "GER"]

1. e4 c5 2. Nf3 e6 3. d4 cxd4 4. Nxd4 Nc6 5. Nxc6 bxc6 6. Bd3 d5 7. O-O Bd6 8. Qe2 Qc7 9. f4 Ne7 10. e5 Bc5+ 11. Kh1 Bd7 12. c4 a5 13. Nc3 Ba7 14. b3 Bd4 15. Bb2 c5 16. cxd5 Nxd5 17. Nxd5 exd5 18. Bxd4 cxd4 19. Rac1 Qb6 20. f5 O-O 21. f6 g6 22. Qd2 Kh8 23. Qh6 Rg8 24. Rf3 g5 25. Qxh7# 1-0

[Event "vl_2526 MVP"]
[Site "MVP"]
[Date "2025.11.23"]
[Round "2.6"]
[White "Troemer, Felix"]
[Black "Dettmann, Holger"]
[Result "1/2-1/2"]
[WhiteElo "1852"]
[BlackElo "1990"]
[WhiteFideId "-1"]
[WhiteFideId "-1"]
[PlyCount "76"]
[GameId "2247401724857521"]
[EventDate "2025.??.??"]
[EventType "team-tourn"]
[EventRounds "9"]
[EventCountry "GER"]
[WhiteTeam "SAV Torgelow-Droegeheide 90 II"]
[BlackTeam "SG Guestrow/Teterow"]
[WhiteTeamCountry "GER"]
[BlackTeamCountry "GER"]

1. e4 e6 2. d4 d5 3. Nc3 dxe4 4. Nxe4 Nd7 5. Nf3 Ngf6 6. Ng3 c5 7. Bd3 cxd4 8. Nxd4 Bc5 9. Nb3 Bb6 10. O-O O-O 11. Qe2 Qc7 12. Be3 Bxe3 13. Qxe3 b6 14. Ne4 Bb7 15. Nbd2 Rac8 16. c3 Rfd8 17. Nxf6+ Nxf6 18. Be4 Bxe4 19. Nxe4 Nxe4 20. Qxe4 Rd2 21. Rfd1 Rcd8 22. Rxd2 Rxd2 23. Rb1 h6 24. h3 a5 25. a3 Qd6 26. Qa8+ Kh7 27. Qb7 f5 28. b4 e5 29. bxa5 bxa5 30. Qb5 Rd5 31. Qa4 e4 32. c4 Re5 33. Rb5 e3 34. Rxe5 exf2+ 35. Kxf2 Qxe5 36. Qb3 Qd4+ 37. Kf1 Qa1+ 38. Kf2 Qd4+ 1/2-1/2

[Event "vl_2526 MVP"]
[Site "MVP"]
[Date "2025.11.23"]
[Round "2.7"]
[White "Gebert-Vangeel, Ralf"]
[Black "Schmidt, Paul"]
[Result "1-0"]
[WhiteElo "1958"]
[BlackElo "1914"]
[WhiteFideId "-1"]
[WhiteFideId "-1"]
[PlyCount "55"]
[GameId "2247401724857522"]
[EventDate "2025.??.??"]
[EventType "team-tourn"]
[EventRounds "9"]
[EventCountry "GER"]
[WhiteTeam "SG Guestrow/Teterow"]
[BlackTeam "SAV Torgelow-Droegeheide 90 II"]
[WhiteTeamCountry "GER"]
[BlackTeamCountry "GER"]

1. e4 c5 2. Nf3 d6 3. c3 Nf6 4. e5 dxe5 5. Nxe5 a6 6. Bc4 e6 7. O-O Nbd7 8. f4 Bd6 9. d4 O-O 10. Be3 Qc7 11. Nd2 b5 12. Bb3 Bb7 13. Rc1 Rad8 14. Qe2 c4 15. Bc2 Qa5 16. a4 Nd5 17. axb5 axb5 18. Ne4 Bxe5 19. fxe5 b4 20. Bg5 Ra8 21. Nd6 Ba6 22. Bxh7+ Kxh7 23. Qh5+ Kg8 24. Nxf7 N7f6 25. Nh6+ gxh6 26. Qg6+ Kh8 27. exf6 Qc7 28. f7 1-0

[Event "vl_2526 MVP"]
[Site "MVP"]
[Date "2025.11.23"]
[Round "2.8"]
[White "Schmekel, Matthias"]
[Black "Seiler, Dirk"]
[Result "0-1"]
[WhiteElo "1963"]
[BlackElo "2114"]
[WhiteFideId "-1"]
[WhiteFideId "-1"]
[PlyCount "56"]
[GameId "2247401724861619"]
[EventDate "2025.??.??"]
[EventType "team-tourn"]
[EventRounds "9"]
[EventCountry "GER"]
[WhiteTeam "SAV Torgelow-Droegeheide 90 II"]
[BlackTeam "SG Guestrow/Teterow"]
[WhiteTeamCountry "GER"]
[BlackTeamCountry "GER"]

1. e4 c5 2. Nf3 Nc6 3. d4 cxd4 4. Nxd4 Nf6 5. Nc3 e5 6. Ndb5 d6 7. Bg5 a6 8. Bxf6 gxf6 9. Na3 b5 10. Nd5 Bg7 11. Qd2 f5 12. f3 fxe4 13. O-O-O O-O 14. fxe4 Be6 15. Kb1 Rc8 16. g4 Nd4 17. Ne3 Bh6 18. c3 Qg5 19. cxd4 Qxe3 20. Qxe3 Bxe3 21. d5 Bxg4 22. Bh3 Bxh3 23. Rd3 Bg2 24. Rg1 Bxg1 25. Rg3+ Kh8 26. Rxg2 Rg8 27. Re2 Bxh2 28. b3 Bf4 0-1

[Event "vl_2526 MVP"]
[Site "MVP"]
[Date "2025.11.23"]
[Round "2.1"]
[White "Jansen, Andreas"]
[Black "Kallweit, Paul"]
[Result "0-1"]
[WhiteElo "2098"]
[BlackElo "1981"]
[WhiteFideId "-1"]
[WhiteFideId "-1"]
[PlyCount "130"]
[GameId "2247401724894396"]
[EventDate "2025.??.??"]
[EventType "team-tourn"]
[EventRounds "9"]
[EventCountry "GER"]
[WhiteTeam "SSC Graal-Mueritz"]
[BlackTeam "SSC Rostock 07"]
[WhiteTeamCountry "GER"]
[BlackTeamCountry "GER"]

1. e4 c5 2. a3 e6 3. Nf3 Nf6 4. e5 Nd5 5. g3 Nc6 6. Nc3 d6 7. exd6 Bxd6 8. Bg2 O-O 9. Ne4 Be7 10. d3 h6 11. Bd2 e5 12. Nc3 Be6 13. O-O Re8 14. Re1 Bf6 15. Ne4 Be7 16. Bc3 Nxc3 17. bxc3 f5 18. Ned2 Bf6 19. Rb1 Qd7 20. c4 Rad8 21. Nf1 b6 22. N3d2 Nd4 23. Ne3 g6 24. Nd5 Bg7 25. c3 Nc6 26. Qa4 Ne7 27. Nxe7+ Rxe7 28. Qxd7 Rexd7 29. Bf1 Rxd3 30. Bxd3 Rxd3 31. Nf1 Bxc4 32. Rbc1 e4 33. Ne3 Bb3 34. Nd1 c4 35. h4 h5 36. Kf1 Bf8 37. Ke2 Kf7 38. Rf1 a5 39. a4 Ba3 40. Ra1 Bc5 41. Rc1 Ke6 42. Nb2 Rf3 43. Nd1 Bxa4 44. Ne3 Bb3 45. Ng2 Ba3 46. Nf4+ Kf7 47. Nd5 Bxc1 48. Rxc1 Rd3 49. Nf4 Rd6 50. Ra1 a4 51. Ke1 b5 52. Ke2 Kf6 53. Ke1 Ke5 54. Ke2 Kf6 55. Ke1 Ke7 56. Ke2 Kd7 57. Ke3 Kc6 58. f3 exf3 59. Kxf3 Kc5 60. Ke3 b4 61. Ne2 bxc3 62. Kf4 Kb4 63. Kg5 c2 64. Kh6 a3 65. Kg7 a2 0-1

[Event "vl_2526 MVP"]
[Site "MVP"]
[Date "2025.11.23"]
[Round "2.2"]
[White "Walz, Fabian"]
[Black "Westphal, Wolfgang"]
[Result "1-0"]
[WhiteElo "1970"]
[BlackElo "2119"]
[WhiteFideId "-1"]
[WhiteFideId "-1"]
[PlyCount "49"]
[GameId "2247401724898493"]
[EventDate "2025.??.??"]
[EventType "team-tourn"]
[EventRounds "9"]
[EventCountry "GER"]
[WhiteTeam "SSC Rostock 07"]
[BlackTeam "SSC Graal-Mueritz"]
[WhiteTeamCountry "GER"]
[BlackTeamCountry "GER"]

1. d4 Nf6 2. c4 b6 3. Nc3 e6 4. e4 Bb4 5. Bd3 Bb7 6. f3 c5 7. d5 Bxc3+ 8. bxc3 exd5 9. cxd5 d6 10. Bf4 Qe7 11. Ne2 Nbd7 12. O-O O-O 13. Ng3 g6 14. Re1 Rfe8 15. Qd2 Nh5 16. Nxh5 gxh5 17. Bb5 Red8 18. Bxd7 Qxd7 19. Bg5 f6 20. Bxf6 Rf8 21. Qg5+ Kf7 22. e5 Bxd5 23. Rad1 Bxf3 24. e6+ Qxe6 25. Qg7+ 1-0

[Event "vl_2526 MVP"]
[Site "MVP"]
[Date "2025.11.23"]
[Round "2.3"]
[White "Jahn, Constanze"]
[Black "Mangold, Thomas"]
[Result "1/2-1/2"]
[WhiteElo "1994"]
[BlackElo "2020"]
[WhiteFideId "-1"]
[WhiteFideId "-1"]
[PlyCount "41"]
[GameId "2247401724902590"]
[EventDate "2025.??.??"]
[EventType "team-tourn"]
[EventRounds "9"]
[EventCountry "GER"]
[WhiteTeam "SSC Graal-Mueritz"]
[BlackTeam "SSC Rostock 07"]
[WhiteTeamCountry "GER"]
[BlackTeamCountry "GER"]

1. e4 e5 2. Bc4 Nf6 3. d3 c6 4. Nf3 d5 5. Bb3 Bb4+ 6. c3 Bd6 7. Bg5 Be6 8. O-O O-O 9. Nbd2 Nbd7 10. Re1 Qc7 11. Nf1 dxe4 12. dxe4 Bxb3 13. axb3 Bc5 14. Bh4 Rfe8 15. b4 Bb6 16. Qb3 c5 17. Ne3 Rac8 18. Rad1 c4 19. Qc2 Bxe3 20. Rxe3 Nh5 21. b3 1/2-1/2

[Event "vl_2526 MVP"]
[Site "MVP"]
[Date "2025.11.23"]
[Round "2.4"]
[White "Schmidt, Peter"]
[Black "Moritz, Hartmut"]
[Result "1/2-1/2"]
[WhiteElo "2040"]
[BlackElo "2021"]
[WhiteFideId "-1"]
[WhiteFideId "-1"]
[PlyCount "144"]
[GameId "2247401724902591"]
[EventDate "2025.??.??"]
[EventType "team-tourn"]
[EventRounds "9"]
[EventCountry "GER"]
[WhiteTeam "SSC Rostock 07"]
[BlackTeam "SSC Graal-Mueritz"]
[WhiteTeamCountry "GER"]
[BlackTeamCountry "GER"]

1. g3 e5 2. Bg2 d5 3. d4 exd4 4. Qxd4 Be6 5. Nf3 c5 6. Qd3 Nc6 7. O-O Nf6 8. c3 Qd7 9. Bf4 Be7 10. Ne5 Nxe5 11. Bxe5 Rd8 12. Na3 O-O 13. Rfd1 a6 14. c4 dxc4 15. Qc2 Qc8 16. Nxc4 Bf5 17. e4 Bg4 18. f3 Be6 19. b3 Rxd1+ 20. Rxd1 Rd8 21. Bf1 b5 22. Rxd8+ Qxd8 23. Nd2 Nd7 24. Bc3 Bf6 25. f4 Bxc3 26. Qxc3 f6 27. Nf3 Qe7 28. Qa5 Bg4 29. Nd2 Qd6 30. Qc3 Nb6 31. h3 Bh5 32. Qd3 Qxd3 33. Bxd3 Be8 34. Kf2 Kf7 35. Ke3 h6 36. Nf3 Bd7 37. g4 h5 38. f5 hxg4 39. hxg4 Ke7 40. g5 Bc6 41. g6 Nd7 42. Kf4 Kd6 43. Bc2 a5 44. Nd2 Ne5 45. Nf1 b4 46. Ng3 Ke7 47. Nh5 Kf8 48. Ke3 Bb5 49. Nf4 Ng4+ 50. Kd2 c4 51. Ne6+ Kg8 52. bxc4 Bxc4 53. Bb3 Bxe6 54. fxe6 Kf8 55. Kd3 Ne5+ 56. Kd4 Nxg6 57. Kc5 Ke7 58. Kb5 Kd6 $2 $11 (58... Ne5 59. Kxa5 g5 60. Bd1 g4 61. Be2 g3 62. Bf1 Nd3 63. Kb5 Kxe6 64. Kc4 Nc1 $19) 59. Kxa5 Kc5 60. Bd1 Ne7 61. Be2 g5 62. Bg4 Nc6+ 63. Ka4 Kc4 64. Be2+ Kc5 65. Bg4 Kd6 66. Kb5 Nd4+ 67. Kxb4 Nxe6 68. Kc4 Nc7 69. a4 Kc6 70. Kd4 Kd6 71. Bc8 Ne6+ 72. Bxe6 Kxe6 1/2-1/2

[Event "vl_2526 MVP"]
[Site "MVP"]
[Date "2025.11.23"]
[Round "2.5"]
[White "Roehl, Rainer"]
[Black "Hodl, Ingolf"]
[Result "1/2-1/2"]
[WhiteElo "2043"]
[BlackElo "1963"]
[WhiteFideId "-1"]
[WhiteFideId "-1"]
[PlyCount "62"]
[GameId "2247401724906688"]
[EventDate "2025.??.??"]
[EventType "team-tourn"]
[EventRounds "9"]
[EventCountry "GER"]
[WhiteTeam "SSC Graal-Mueritz"]
[BlackTeam "SSC Rostock 07"]
[WhiteTeamCountry "GER"]
[BlackTeamCountry "GER"]

1. b3 e5 2. c4 Nf6 3. g3 Bc5 4. Ba3 Qe7 5. Bxc5 Qxc5 6. Nc3 O-O 7. Bg2 c6 8. e4 d6 9. Nge2 Re8 10. O-O Bg4 11. d3 Nbd7 12. Qd2 Nf8 13. Na4 Qa3 14. Nec3 Qb4 15. a3 Qa5 16. b4 Qd8 17. h3 Bd7 18. Ne2 Ne6 19. Nac3 a5 20. Rfb1 axb4 21. axb4 Rxa1 22. Rxa1 Qb6 23. Nd1 Nc7 24. Ne3 g6 25. Qc3 Na6 26. Nc2 Rc8 27. Qa3 Ra8 28. Qa5 Qxa5 29. Rxa5 Nc7 30. Rxa8+ Nxa8 31. Nc3 Nc7 1/2-1/2

[Event "vl_2526 MVP"]
[Site "MVP"]
[Date "2025.11.23"]
[Round "2.7"]
[White "Simcaks, Sergejs"]
[Black "Hartung, Kim"]
[Result "0-1"]
[WhiteElo "1900"]
[BlackElo "1751"]
[WhiteFideId "-1"]
[WhiteFideId "-1"]
[PlyCount "114"]
[GameId "2247401724914882"]
[EventDate "2025.??.??"]
[EventType "team-tourn"]
[EventRounds "9"]
[EventCountry "GER"]
[WhiteTeam "SSC Graal-Mueritz"]
[BlackTeam "SSC Rostock 07"]
[WhiteTeamCountry "GER"]
[BlackTeamCountry "GER"]

1. e4 c5 2. d4 d5 3. e5 Bf5 4. h4 h5 5. Bd3 Bxd3 6. Qxd3 Qa5+ 7. Bd2 Qa6 8. e6 Qxd3 9. exf7+ Kxf7 10. cxd3 Nd7 11. Nf3 g6 12. Ng5+ Kf6 13. Rh3 Nh6 14. Bf4 Ng4 15. Rf3 Kg7 16. Bg3 Ndf6 17. Nd2 Re8 18. O-O-O e5 19. Re1 Bd6 20. Nb3 Rhf8 21. Nxc5 Bxc5 22. dxc5 Nd7 23. Rxf8 Kxf8 24. d4 e4 25. Kd2 Kg7 26. b4 Ndf6 27. a4 Nh7 28. Nxh7 Kxh7 29. b5 Rc8 30. f3 Nf6 31. Be5 Rf8 {Ab hier werden beide Notationen unklar (fehlende Züge).} 32. c6 bxc6 33. bxc6 Kg7 34. Rb1 Rf7 35. Bxf6+ Rxf6 36. Rb7+ Kh6 37. Ke3 exf3 38. gxf3 Rxc6 39. Rxa7 Re6+ 40. Kf2 g5 41. Rd7 gxh4 42. Ra7 Rg6 43. Rb7 h3 44. Rb1 Rg2+ 45. Ke3 h2 46. Rh1 Kg5 47. f4+ Kg4 48. f5 Kg3 49. f6 Rf2 50. a5 Rxf6 51. a6 Rf7 52. Ra1 Ra7 53. Rf1 Kg2 54. Rf5 h1=Q 55. Rg5+ Kf1 56. Rf5+ Ke1 57. Rf1+ Kxf1 0-1